Geografía de la inteligencia humana: las aptitudes cognitivas

Guardado en:
Detalles Bibliográficos
Autor principal: Juan Espinosa, Manuel de (Autor)
Formato: Libro
Lenguaje:español
Publicado: Madrid Pirámide 1997
Materias:
Etiquetas: Agregar Etiqueta
Sin Etiquetas, Sea el primero en etiquetar este registro!

MARC

LEADER 00000nam a2200000 a 4500
001 UCR5063
003 CL-VaPUC
008 980320e19970000SP |||||||||||||||||spa|d
082 0 4 |a 153  |b JUA  |2 21 
100 |a  Juan Espinosa, Manuel de  |e author  |9 430511 
245 1 0 |a Geografía de la inteligencia humana: las aptitudes cognitivas 
300 |a 588 p 
942 |c BK 
945 |d 19980320 00:00:00  |a rbrito 
260 |a Madrid  |b Pirámide  |c 1997 
650 0 |a Inteligencia  |9 267038 
650 0 |a Razonamiento  |9 256520 
650 0 |a Cognición   |9 270347 
650 0 |a Aptitudes   |9 310572 
650 0 |a Psicología del aprendizaje  |9 306854 
583 |a last modification  |c 19980320 00:00:00  |k Rodrigo Vera 
999 |c 267796  |d 267794 
952 |0 0  |1 0  |4 0  |6 153_000000000000000_JUA_1997  |7 0  |8 A  |9 300484  |a BIBEDU  |b BIBEDU  |d 2019-11-20  |i 3404781  |o 153 JUA 1997  |p 3404781  |r 2019-11-20  |w 2019-11-20  |y BK  |k EPE 
952 |0 0  |1 0  |4 0  |6 153_000000000000000_JUA_1997  |7 0  |8 A  |9 300485  |a BIBEDU  |b BIBEDU  |d 2019-11-20  |i 3648540  |o 153 JUA 1997  |p 3648540  |r 2019-11-20  |w 2019-11-20  |y BK  |k PSI 
952 |0 0  |1 0  |4 0  |6 153_000000000000000_JUA_1997  |7 0  |8 A  |9 300486  |a BIBEDU  |b BIBEDU  |d 2019-11-20  |i 3808319  |o 153 JUA 1997  |p 3808319  |r 2019-11-20  |w 2019-11-20  |y BK  |k PSI